| 000 | 00635nam a2200193 i 4500 | ||
|---|---|---|---|
| 001 | 32183 | ||
| 003 | ES-MaACL | ||
| 005 | 20250716063238.0 | ||
| 007 | t| | ||
| 008 | 030130s1953 fr ||||1| fre d | ||
| 100 | 0 |
_aBernardo, _cSanto, _d1090?-1153 _928290 |
|
| 245 | 1 | 0 |
_aSaint Bernard _b: homme d'Eglise. |
| 260 |
_a[Paris] : _bDesclée de Brouwer, _c[1953] _aBruges ( _fSocieté St. Augustin) |
||
| 300 |
_a259 p., 4 lám. ; _c19 cm. |
||
| 490 | 1 | _aTémoignages. Cahiers de la pierre-qui-vire | |
| 830 | 0 |
_aTémoignages. Cahiers de la pierre-qui-vire _9183514 |
|
| 852 |
_aES-MaACL _jE-4885 |
||
| 999 |
_c32183 _d32183 |
||